[Event "CZE-ch U10a"]
[Site "Sec u Chrudimi"]
[Date "2004.03.10"]
[Round "5"]
[White "Zoch, Vitezslav"]
[Black "Smahel, Michal"]
[Result "0-1"]
[WhiteElo "1250"]
[BlackElo "1100"]
[PlyCount "70"]
[EventDate "2004.03.06"]
[EventType "swiss"]
[EventRounds "9"]
[EventCountry "CZE"]
[SourceTitle "EXT 2009"]
[Source "ChessBase"]
[SourceDate "2008.11.26"]
[SourceVersion "1"]
[SourceVersionDate "2008.11.26"]
[SourceQuality "1"]

1. e4 c6 2. d4 d5 3. exd5 cxd5 4. Nf3 Nf6 5. Be3 Bg4 6. Be2 e6 7. 0-0 Bd6 8. Ne5 Bxe2 9. Qxe2 0-0 10. Nc3 Nbd7 11. Nf3 Re8 12. Rfe1 e5 13. dxe5 Nxe5 14. Nxe5 Bxe5 15. Nd1 Qc7 16. Rb1 Rac8 17. c3 Bf4 18. Bxa7 Rxe2 19. Rxe2 b6 20. Bxb6 Qxb6 21. Ne3 Bxe3 22. Rxe3 Ra8 23. a3 Rxa3 24. Rbe1 Ra8 25. b4 Kf8 26. g3 Qc6 27. h4 Re8 28. Rxe8+ Nxe8 29. Rc1 Nd6 30. Rd1 Nb5 31. Kh2 Nxc3 32. Rc1 Qc4 33. Rg1 d4 34. b5 Qxb5 35. Rg2 d3 0-1

[Event "CZE-ch U10a"]
[Site "Sec u Chrudimi"]
[Date "2004.03.09"]
[Round "4"]
[White "Smahel, Michal"]
[Black "Daxner, Petr"]
[Result "1/2-1/2"]
[WhiteElo "1100"]
[BlackElo "1250"]
[PlyCount "125"]
[EventDate "2004.03.06"]
[EventType "swiss"]
[EventRounds "9"]
[EventCountry "CZE"]
[SourceTitle "EXT 2009"]
[Source "ChessBase"]
[SourceDate "2008.11.26"]
[SourceVersion "1"]
[SourceVersionDate "2008.11.26"]
[SourceQuality "1"]

1. e4 d6 2. d4 g6 3. Nf3 Bg7 4. Bd3 b6 5. 0-0 e6 6. Re1 Bb7 7. Bf4 c5 8. Bb5+ Nd7 9. Bxd6 a6 10. Bxd7+ Qxd7 11. e5 f6 12. exf6 Bxf6 13. Be5 Bxe5 14. dxe5 Qxd1 15. Rxd1 Bxf3 16. gxf3 Ne7 17. Rd6 Rd8 18. Nc3 Rxd6 19. exd6 Nc8 20. Rd1 Kd7 21. Ne4 Rf8 22. Kg2 Rf5 23. Kg3 h6 24. Kg4 Rd5 25. Nf6+ Kxd6 26. Nxd5 exd5 27. f4 Ne7 28. h4 Nf5 29. h5 Ne7 30. hxg6 Nxg6 31. Kf5 Nh4+ 32. Kf6 d4 33. f5 Kd5 34. Rh1 Ng2 35. Kg7 Ke5 36. f6 Nf4 37. f7 h5 38. f8Q Ne6+ 39. Kg8 Nxf8 40. Kxf8 Kf4 41. Rxh5 Kf3 42. Rf5+ Ke2 43. f4 Kd2 44. Rf6 Kxc2 45. Rxb6 c4 46. f5 a5 47. f6 d3 48. Rd6 d2 49. Rxd2+ Kxd2 50. f7 Kc2 51. Kg7 Kxb2 52. f8Q c3 53. Qb8+ Kxa2 54. Qc7 Kb2 55. Qb6+ Kc1 56. Qe3+ Kb2 57. Qb6+ Kc1 58. Qxa5 c2 59. Kf6 Kb2 60. Qb4+ Ka1 61. Qa3+ Kb1 62. Qb3+ Ka1 63. Qc3+ 1/2-1/2

[Event "CZE-ch U10a"]
[Site "Sec u Chrudimi"]
[Date "2004.03.07"]
[Round "2"]
[White "Tvrdon, Radek"]
[Black "Smahel, Michal"]
[Result "1-0"]
[WhiteElo "1250"]
[BlackElo "1100"]
[PlyCount "101"]
[EventDate "2004.03.06"]
[EventType "swiss"]
[EventRounds "9"]
[EventCountry "CZE"]
[SourceTitle "EXT 2009"]
[Source "ChessBase"]
[SourceDate "2008.11.26"]
[SourceVersion "1"]
[SourceVersionDate "2008.11.26"]
[SourceQuality "1"]

1. e4 c6 2. d4 d5 3. Nc3 dxe4 4. Bf4 Bf5 5. Bc4 Nf6 6. Nge2 e6 7. 0-0 Bb4 8. Re1 Bg4 9. Qd2 Nbd7 10. Ng3 Bf5 11. a3 Bxc3 12. Qxc3 c5 13. dxc5 Nxc5 14. Bb5+ Ncd7 15. Rad1 Rc8 16. Qb3 0-0 17. Be5 Qb6 18. Bxd7 Nxd7 19. Rxd7 Qxb3 20. cxb3 Rc5 21. Bd6 Rd5 22. Nxf5 exf5 23. Bxf8 Rxd7 24. Bb4 Rd3 25. Rc1 f6 26. Kf1 Rxb3 27. Rc7 Rxb2 28. Rxb7 Rb1+ 29. Ke2 Rb2+ 30. Ke3 Rb3+ 31. Kf4 g6 32. Rxa7 h5 33. h4 Kh8 34. Bc5 Rc3 35. Bd4 Rc6 36. a4 Kg8 37. a5 Kf8 38. a6 Ke8 39. Ra8+ Kd7 40. a7 Ra6 41. Rh8 Ke6 42. a8Q Rxa8 43. Rxa8 Kd5 44. Bxf6 Kc4 45. Rd8 Kc5 46. Ke5 Kc4 47. Bg5 Kc3 48. f3 exf3 49. gxf3 Kc4 50. Bd2 Kc5 51. Rc8+ 1-0

[Event "CZE-ch U10a"]
[Site "Sec u Chrudimi"]
[Date "2004.03.06"]
[Round "1"]
[White "Smahel, Michal"]
[Black "Langner, Jakub"]
[Result "0-1"]
[WhiteElo "1100"]
[BlackElo "1250"]
[PlyCount "106"]
[EventDate "2004.03.06"]
[EventType "swiss"]
[EventRounds "9"]
[EventCountry "CZE"]
[SourceTitle "EXT 2009"]
[Source "ChessBase"]
[SourceDate "2008.11.26"]
[SourceVersion "1"]
[SourceVersionDate "2008.11.26"]
[SourceQuality "1"]

1. e4 c5 2. Nf3 e6 3. d4 cxd4 4. Nxd4 Nf6 5. Nc3 Bb4 6. Bd2 Bxc3 7. Bxc3 Nxe4 8. Bb4 Na6 9. Ba3 Nac5 10. f3 Qa5+ 11. c3 Nf6 12. Bb4 Qc7 13. Nb5 Qe5+ 14. Be2 b6 15. 0-0 Nd5 16. Ba3 Ne3 17. Nd6+ Ke7 18. Nc4 Nxd1 19. Nxe5 Ne3 20. Rfe1 Nc2 21. Rac1 Nxe1 22. Rxe1 d6 23. Nc6+ Kd7 24. Nd4 e5 25. Nf5 g6 26. Ng3 f5 27. Bb5+ Kc7 28. Rd1 Bd7 29. Bc4 f4 30. Ne2 Rhe8 31. Bf7 Re7 32. Bd5 Bc6 33. Bc4 e4 34. fxe4 Rxe4 35. Nd4 Rae8 36. Kf2 b5 37. Bd3 Nxd3+ 38. Rxd3 Bd5 39. b3 a6 40. Bb4 g5 41. g3 fxg3+ 42. hxg3 h5 43. Rf3 h4 44. gxh4 gxh4 45. Rh3 Rf4+ 46. Nf3 Rxf3+ 47. Rxf3 Bxf3 48. Kxf3 Rg8 49. c4 h3 50. cxb5 axb5 51. Ba5+ Kc6 52. Bd8 h2 53. Be7 h1Q+ 0-1